[Event "XXII Open"]
[Site "Parla ESP"]
[Date "2007.09.03"]
[Round "3"]
[White "Ballesteros,D"]
[Black "Korneev,O"]
[Result "1/2-1/2"]
[WhiteElo "2196"]
[BlackElo "2565"]

1.d4 d5 2.c4 e6 3.Nc3 c6 4.Nf3 Nf6 5.e3 Nbd7 6.Bd3 dxc4 7.Bxc4 b5 8.Be2 Bb7
9.O-O a6 10.e4 c5 11.e5 Nd5 12.a4 b4 13.Ne4 h6 14.Nfd2 N5b6 15.a5 Nc8 16.dxc5 Nxc5
17.Bf3 Rb8 18.Nxc5 Bxc5 19.Qa4+ Qd7 20.Qxd7+ Kxd7 21.Nb3 Ba7 22.Rd1+ Ke7
23.Bxb7 Rxb7 24.Kf1 Rd8 25.Rxd8 Kxd8 26.Ke2 Rc7 27.Bd2 Ne7 28.Bxb4 Rb7 29.Bxe7+ Kxe7
30.Rc1 Bb8 31.Nd2 Rxb2 32.f4 Kd7 33.Kd3 Ra2 34.Nc4 Bc7 35.Rg1 Bxa5 36.Nxa5 Rxa5
37.Rb1 Rb5 38.Ra1 a5 39.Ra4 Kc6 40.g3 g5 41.Rc4+ Kd7 42.Kc3 g4 43.Kc2 h5
44.Kc3 Rb1 45.Ra4 Rh1 46.Ra2 Ke7 47.Kc4 h4 48.gxh4 Rf1 49.Rxa5 Rxf4+ 50.Kd3 Kf8
51.Ra2 Kg7 52.Ke3 Rf3+ 53.Ke4 Rb3 54.Kf4 Kg6 55.Kxg4 Rb4+ 56.Kg3 Re4 57.Ra5 Kf5
58.Ra7 Rg4+ 59.Kf3 Rf4+ 60.Kg3 Rg4+ 61.Kf3 Rg7 62.Ra5 Rh7 63.Kg3 Ke4 64.Kg4 Rg7+
65.Kh3 Kf4 66.Rb5 Rh7 67.Ra5 Rh5 68.Ra4+ Kf5 69.Ra1 Rh7 70.Ra5 Rh8 71.Ra7 Rf8
72.Ra5 Rd8 73.Ra7 Rd3+ 74.Kg2 Kg6 75.Ra8 Kg7 76.Ra5 Re3 77.h5 Rd3 78.Ra4 Kh6
79.Rf4 Rd7 80.Rf6+ Kxh5 81.Kf3 Kg5 82.Ke4 Ra7 83.Kd4 Kg4 84.Ke4 Ra4+ 85.Ke3 Ra3+
86.Ke4 Ra7 87.Ke3 Kg5 88.Ke4 Ra4+ 89.Ke3 Rh4 90.Rxf7 Rxh2 91.Rf6 Rh6 92.Ke4 Rxf6
93.exf6 Kxf6 94.Kf4 e5+ 95.Ke4 Ke6 96.Ke3 Kd5 97.Kd3 e4+ 98.Ke3 Ke5 99.Ke2 Kd4
100.Kd2 e3+ 101.Ke2 Ke4 102.Ke1 Kd3  1/2-1/2

[Event "12th ch-Asia w"]
[Site "Tehran IRI"]
[Date "2007.09.03"]
[Round "1"]
[White "Ju Wenjun"]
[Black "Mouradian,K"]
[Result "1-0"]
[WhiteElo "2345"]
[BlackElo "2164"]

1.d4 d5 2.c4 c6 3.Nf3 Nf6 4.Nc3 e6 5.e3 Nbd7 6.Qc2 Bd6 7.g4 dxc4 8.g5 Nd5
9.Bxc4 e5 10.Bxd5 cxd5 11.Nxd5 O-O 12.Bd2 exd4 13.O-O-O Ne5 14.Nxd4 Bg4 15.Bc3 Bxd1
16.Rxd1 Rc8 17.Nf5 Rc6 18.f4 Ng6 19.Nxg7 Qc8 20.Nf5 Rd8 21.Nf6+ Kf8 22.Nxd6  1-0

[Event "60th ch-RUS Higher League"]
[Site "Krasnoyarsk RUS"]
[Date "2007.09.04"]
[Round "2"]
[White "Turov,M"]
[Black "Smirnov,P"]
[Result "1/2-1/2"]
[WhiteElo "2561"]
[BlackElo "2636"]

1.d4 d5 2.c4 c6 3.Nc3 Nf6 4.e3 e6 5.Nf3 Nbd7 6.Qc2 Bd6 7.b3 O-O 8.Be2 b6
9.O-O Bb7 10.Bb2 Qe7 11.Rad1 Rad8 12.Rfe1 Rfe8 13.Bd3 e5 14.cxd5 cxd5 15.dxe5 Nxe5
16.Nd4 g6 17.Bb5 Rf8 18.f4 Ned7 19.Nc6 Bxc6 20.Bxc6 Bb4 21.Bxd5 Rc8 22.Bc4 b5
23.Bxb5 Nb6 24.Ba6 Bxc3 25.Bxc3 Ne4 26.Bxc8 Rxc8 27.Rd3 Qc5 28.Rc1 Nd5 29.Be1 Qxc2
30.Rxc2 Rxc2 31.Rxd5 Rxa2 32.Re5 f5 33.g4 Re2 34.Ba5 Rxe3 35.gxf5 gxf5 36.b4 Re2
37.Rxf5 Nd2 38.Rd5 Nf3+ 39.Kf1 Rxh2 40.Rd3 Nd2+ 41.Kg1 Re2 42.b5 Nc4 43.Bc3 Kf7
44.Rd7+ Re7 45.Rxe7+  1/2-1/2

[Event "60th ch-RUS Higher League"]
[Site "Krasnoyarsk RUS"]
[Date "2007.09.04"]
[Round "2"]
[White "Gavrilov,Al1"]
[Black "Grachev,B"]
[Result "0-1"]
[WhiteElo "2512"]
[BlackElo "2601"]

1.d4 d5 2.c4 e6 3.Nc3 c6 4.e3 Nf6 5.Nf3 Nbd7 6.Bd3 dxc4 7.Bxc4 b5 8.Bd3 Bd6
9.Bd2 Bb7 10.Ng5 h6 11.Nge4 Be7 12.O-O O-O 13.Nxf6+ Nxf6 14.Qe2 c5 15.dxc5 b4
16.Na4 Bc6 17.b3 Bxa4 18.bxa4 Bxc5 19.Rac1 Qd6 20.Rfd1 Rfd8 21.Ba6 Qe5 22.Be1 Rab8
23.g3 Ne4 24.Rxd8+ Rxd8 25.Qc4 Bb6 26.Qxb4 Ng5 27.Rc8 Rxc8 28.Bxc8 Qd5 29.Kf1 Nf3
30.h4 Qd3+ 31.Kg2 Qe2 32.Bc3 Bxe3 33.Qb2 Ne1+ 34.Kh2 Nf3+ 35.Kg2 Nd2 36.Bxd2 Qxf2+
37.Kh3 Qf1+  0-1

[Event "XXII Open"]
[Site "Parla ESP"]
[Date "2007.09.04"]
[Round "4"]
[White "Ballesteros,D"]
[Black "Serrano Salvador,E"]
[Result "1/2-1/2"]
[WhiteElo "2196"]
[BlackElo "2354"]

1.d4 d5 2.c4 c6 3.Nc3 Nf6 4.Nf3 e6 5.e3 Nbd7 6.cxd5 exd5 7.Bd3 Bd6 8.O-O O-O
9.Re1 Re8 10.Qc2 h6 11.Rb1 a5 12.Bd2 Qe7 13.e4 dxe4 14.Nxe4 Nxe4 15.Rxe4 Qf8
16.Rxe8 Qxe8 17.Re1 Qf8 18.Ne5 Nxe5 19.dxe5 Bb4 20.Bc4 Bxd2 21.Qxd2 Qe7 22.Qd6 Kf8
23.h3 Bd7 24.Rd1 Qxd6 25.Rxd6 Rd8 26.a3 Ke7 27.Rd2  1/2-1/2

[Event "60th ch-RUS Higher League"]
[Site "Krasnoyarsk RUS"]
[Date "2007.09.05"]
[Round "3"]
[White "Turov,M"]
[Black "Rublevsky,S"]
[Result "1/2-1/2"]
[WhiteElo "2561"]
[BlackElo "2679"]

1.d4 d5 2.c4 c6 3.Nc3 Nf6 4.e3 e6 5.Nf3 a6 6.Qc2 c5 7.cxd5 exd5 8.Be2 Be6
9.O-O Nc6 10.Ne5 Rc8 11.Qa4 Qb6 12.Rd1 cxd4 13.Nxc6 Rxc6 14.Qxd4 Qc7 15.Qh4 Bd6
16.Bd3 Ng4 17.Be2 Nf6 18.Bd3 Ng4  1/2-1/2

[Event "60th ch-RUS Higher League"]
[Site "Krasnoyarsk RUS"]
[Date "2007.09.06"]
[Round "4"]
[White "Lysyj,I"]
[Black "Timofeev,Arty"]
[Result "0-1"]
[WhiteElo "2578"]
[BlackElo "2650"]

1.d4 d5 2.c4 e6 3.Nc3 c6 4.e3 Nf6 5.Nf3 Nbd7 6.Qc2 Bd6 7.g4 Bb4 8.Bd2 Qe7
9.Rg1 Bxc3 10.Bxc3 Ne4 11.O-O-O Nxc3 12.Qxc3 O-O 13.cxd5 exd5 14.g5 c5 15.Bd3 c4
16.Bb1 b5 17.Qa5 Rb8 18.Rg4 Qd6 19.Rh4 g6 20.Rf4 a6 21.b4 Nb6 22.Ne5 Be6
23.Bc2 Rfc8 24.Rf6 Nd7 25.Nxd7 Qxd7 26.h4 Rc6 27.Rf4 Re8 28.Rh1 Bg4 29.Rg1 Be2
30.Kd2 Bd3 31.Rg3 Bxc2 32.Kxc2 c3 33.Rgf3 Qe7 34.a3 Rf8 35.Rg3 Qe6 36.a4 Qc8
37.Rgf3 Rd6 38.e4 Qc4 39.Rxc3 Qe2+ 40.Kb3 Qd1+ 41.Ka3 dxe4  0-1

[Event "60th ch-RUS Higher League"]
[Site "Krasnoyarsk RUS"]
[Date "2007.09.06"]
[Round "4"]
[White "Shomoev,A"]
[Black "Smirnov,P"]
[Result "0-1"]
[WhiteElo "2561"]
[BlackElo "2636"]

1.d4 d5 2.c4 e6 3.Nc3 c6 4.e3 Nf6 5.Nf3 a6 6.b3 c5 7.cxd5 cxd4 8.Qxd4 exd5
9.Be2 Nc6 10.Qd3 Bd6 11.O-O O-O 12.Bb2 Be6 13.Rad1 Qe7 14.e4 Rad8 15.exd5 Bxd5
16.Qf5 Be6 17.Qb1 Bg4 18.Rfe1 Bb4 19.Rxd8 Rxd8 20.Ng5 Qc5 21.Bxg4 Qxg5 22.Bf3 Nd4
23.Bxb7 Qa5 24.Re3 Ng4 25.Rh3 Bxc3 26.Qxh7+ Kf8 27.Qh8+ Ke7 28.Qh4+ Nf6 29.Re3+ Ne6
30.g3 Bxb2 31.Bf3 Rd2 32.b4 Qb6 33.Qg5 Kf8 34.Qh4 Bd4 35.Re2 Bxf2+ 36.Kg2 Rxe2
37.Bxe2 Bd4 38.a3 Qc6+  0-1

[Event "4th LGA Premium Cup"]
[Site "Nuernberg GER"]
[Date "2007.09.06"]
[Round "1"]
[White "Peralta,Fe"]
[Black "Puehn,G"]
[Result "1-0"]
[WhiteElo "2546"]
[BlackElo "2017"]

1.d4 d5 2.c4 e6 3.Nc3 c6 4.Nf3 Nf6 5.e3 Nbd7 6.Bd3 Bd6 7.e4 dxe4 8.Nxe4 Nxe4
9.Bxe4 Nf6 10.Bc2 O-O 11.O-O Qc7 12.Re1 Rd8 13.Bg5 Be7 14.Qd3 g6 15.Ne5 c5
16.Qf3 Kg7 17.d5 Rf8 18.Rad1 exd5 19.Bf4 Bd6 20.Bh6+ Kxh6 21.Qxf6 Bxe5 22.Rxe5 Qc6
23.Qf4+ Kg7 24.Rexd5 Be6 25.Rd6 Qc7 26.Qe5+  1-0

[Event "CXG Int"]
[Site "Rio de Janeiro BRA"]
[Date "2007.09.06"]
[Round "2"]
[White "Hernandez,Gu DOM"]
[Black "Miranda,M"]
[Result "1/2-1/2"]
[WhiteElo "2370"]
[BlackElo "2294"]

1.Nf3 Nf6 2.c4 e6 3.Nc3 d5 4.d4 c6 5.e3 Nbd7 6.Qc2 Bd6 7.g4 dxc4 8.Bxc4 b5
9.Bd3 b4 10.Ne4 Nxe4 11.Bxe4 Bb7 12.Bd2 Qb6 13.g5 Rc8 14.Rc1 c5 15.Bxb7 Qxb7
16.Ke2 O-O 17.Qd3 Rfd8 18.Rhd1 cxd4 19.Qxd4 Bc5 20.Qf4 Qa6+ 21.Qc4  1/2-1/2

[Event "FSGM September"]
[Site "Budapest HUN"]
[Date "2007.09.07"]
[Round "7"]
[White "Rajlich,I"]
[Black "Prohaszka,P2"]
[Result "1/2-1/2"]
[WhiteElo "2406"]
[BlackElo "2486"]

1.d4 d5 2.c4 c6 3.Nc3 Nf6 4.e3 e6 5.Nf3 Nbd7 6.Qc2 Bd6 7.g4 h6 8.Bd2 dxc4
9.Bxc4 b5 10.Be2 Bb7 11.e4 c5 12.Nxb5 Be7 13.d5 exd5 14.exd5 Bxd5 15.Nc3 Bc6
16.Rg1 Qb6 17.O-O-O Rb8 18.Bf4 Rb7 19.Nd2 Bd5 20.Nc4 Bxc4 21.Bxc4 Qb4 22.Na4 Nb6
23.Nxb6 Qxb6 24.Qa4+ Nd7 25.Be5 Qb4 26.Qxb4 cxb4 27.Bxg7 Rh7 28.Bd4 Rc7 29.b3 Nb6
30.Kb1 Nxc4 31.bxc4 Rxc4 32.Rge1 Kf8 33.Re4 Rc7 34.Be5 Rb7 35.Rc4 f6 36.Bf4 h5
37.gxh5 Rxh5 38.Rd3 a5 39.Rc8+ Kf7 40.Ra8 Rf5 41.Be3 Rh5 42.Bf4 Rf5 43.Be3 Rh5
44.Kb2 Bc5 45.Bxc5 Rxc5 46.Rh3 Kg7 47.Rah8 Rbc7 48.R8h7+ Kg6 49.R3h6+ Kf5
50.Rxc7 Rxc7 51.Rh5+ Kf4 52.Rxa5 Rh7 53.Rb5 Rxh2 54.Rxb4+ Kf3 55.a4 Rxf2+
56.Kb3 Rf1 57.a5 Rb1+ 58.Kc4 Ra1 59.Kb5 f5 60.a6 f4 61.Ra4 Rxa4 62.Kxa4 Ke2
63.a7 f3 64.a8=Q f2 65.Qe4+ Kf1 66.Qh1+ Ke2 67.Qg2 Ke1 68.Qg3 Ke2 69.Qh2 Ke1
70.Qxf2+ Kxf2  1/2-1/2

[Event "Open"]
[Site "Liverpool ENG"]
[Date "2007.09.07"]
[Round "7"]
[White "Lalic,B"]
[Black "Gormally,D"]
[Result "1/2-1/2"]
[WhiteElo "2509"]
[BlackElo "2509"]

1.d4 d5 2.c4 c6 3.Nf3 Nf6 4.Nc3 e6 5.e3 Nbd7 6.Qc2 Bd6 7.Bd3 O-O 8.O-O dxc4
9.Bxc4 a6 10.a3 c5 11.dxc5 Bxc5 12.b4 Bd6 13.Bb2 b5 14.Be2 Bb7 15.a4 bxa4  1/2-1/2

[Event "XXII Open"]
[Site "Parla ESP"]
[Date "2007.09.07"]
[Round "7"]
[White "Epishin,V"]
[Black "Korneev,O"]
[Result "1/2-1/2"]
[WhiteElo "2587"]
[BlackElo "2565"]

1.d4 d5 2.c4 e6 3.Nc3 c6 4.e3 Nf6 5.Nf3 Nbd7 6.Qc2 Bd6 7.e4 Nxe4 8.Nxe4 dxe4
9.Qxe4 Nf6 10.Qh4 c5 11.Bd2 b6 12.O-O-O Bb7 13.d5 exd5 14.cxd5 O-O 15.Bg5 h6
16.Bxf6 Qxf6 17.Qxf6 gxf6 18.Nh4 Rfd8 19.g3 c4 20.Nf5 c3 21.Bg2 Rac8 22.Rhe1 Kf8
23.Nxd6 cxb2+ 24.Kxb2 Rxd6 25.Re3 Rcd8 26.Rd2  1/2-1/2

[Event "12th ch-Asia w"]
[Site "Tehran IRI"]
[Date "2007.09.07"]
[Round "5"]
[White "Sachdev,T"]
[Black "Mohota,N"]
[Result "1/2-1/2"]
[WhiteElo "2393"]
[BlackElo "2332"]

1.d4 d5 2.c4 c6 3.Nf3 Nf6 4.e3 e6 5.Nc3 a6 6.c5 b6 7.cxb6 Nbd7 8.Bd3 c5 9.O-O Qxb6
10.b3 cxd4 11.exd4 Bd6 12.Bg5 O-O 13.Rc1 Qb8 14.Bh4 Bb7 15.Re1 Rc8 16.Bg3 Bxg3
17.hxg3 Qd6 18.Qd2 Rc7 19.Qf4 Qxf4 20.gxf4 Rac8 21.Ne2 Rxc1 22.Rxc1 Rxc1+
23.Nxc1 Kf8 24.Kf1 Ke7 25.Ke2 h6 26.b4 Ne4 27.Ne5 Nb6 28.f3 Nd6 29.Nb3 f6
30.Ng6+ Kf7 31.Nc5 Bc8 32.Nh8+ Kg8 33.Ng6 Kf7 34.Nh8+ Kg8  1/2-1/2

[Event "FSGM September"]
[Site "Budapest HUN"]
[Date "2007.09.08"]
[Round "8"]
[White "Prohaszka,P2"]
[Black "Khakimov,T"]
[Result "1-0"]
[WhiteElo "2486"]
[BlackElo "2409"]

1.d4 d5 2.c4 c6 3.Nc3 Nf6 4.e3 e6 5.Nf3 Nbd7 6.Qc2 b6 7.Bd3 Ba6 8.b3 Bb4
9.O-O O-O 10.Bb2 Rc8 11.Rac1 c5 12.cxd5 Bxd3 13.Qxd3 Bxc3 14.Bxc3 Nxd5 15.Ba1 Qe7
16.e4 N5f6 17.d5 exd5 18.e5 Nh5 19.Qxd5 Nf4 20.Qe4 Ne6 21.Nh4 g6 22.Qg4 Nd4
23.Bxd4 cxd4 24.Rce1 Nxe5 25.Qg3  1-0

[Event "60th ch-RUS Higher League"]
[Site "Krasnoyarsk RUS"]
[Date "2007.09.08"]
[Round "5"]
[White "Turov,M"]
[Black "Yakovich,Yur"]
[Result "1/2-1/2"]
[WhiteElo "2561"]
[BlackElo "2597"]

1.d4 d5 2.c4 e6 3.Nc3 c6 4.e3 Nf6 5.Nf3 Nbd7 6.Qc2 Bd6 7.b3 O-O 8.Be2 b6
9.O-O Bb7 10.Bb2 Qe7 11.Rad1 Rad8 12.Rfe1 Rfe8 13.Bd3 e5 14.cxd5 cxd5 15.dxe5 Nxe5
16.Nd4 Nxd3 17.Qxd3 Ne4 18.Nxe4 dxe4 19.Qb5 Bb4 20.Nf5 Qc5 21.Qxc5 bxc5 22.Nxg7 Bxe1
23.Rxe1 Rf8 24.Nf5 h5 25.h4 Kh7 26.Ba3 Rd5 27.Ng3 Rfd8 28.Re2 Rd1+ 29.Kh2 R8d2
30.Bxc5 a5 31.Bb6 Rxe2 32.Nxe2 Rd2 33.Nc3 Rxf2 34.Bxa5 Rc2 35.a4 Kg6 36.Kg3 Bc6
37.Nd1 Bd5 38.b4 Bb3 39.Nf2 Kf5 40.Nh3 Rc8 41.Nf4 Rh8 42.Kh3 Bxa4 43.Nxh5 Bd1
44.Ng3+ Kg6 45.Bc7 Rc8 46.Bd6 f5 47.b5 Rc2 48.Nh1 Rb2 49.Kg3 Rxb5 50.Nf2 Rb1
51.Nh3 Bg4 52.Nf4+  1/2-1/2

[Event "60th ch-RUS Higher League"]
[Site "Krasnoyarsk RUS"]
[Date "2007.09.08"]
[Round "5"]
[White "Makarov,M"]
[Black "Shomoev,A"]
[Result "1-0"]
[WhiteElo "2518"]
[BlackElo "2561"]

1.d4 d5 2.c4 c6 3.Nf3 Nf6 4.Nc3 e6 5.e3 Nbd7 6.Qc2 Bd6 7.e4 e5 8.cxd5 cxd5
9.Bg5 exd4 10.Nxd5 h6 11.Nxf6+ Nxf6 12.Bb5+ Kf8 13.Bd2 Qb6 14.Be2 Bg4 15.h3 Bh5
16.e5 Bxf3 17.Bxf3 Bxe5 18.O-O g6 19.Qb3 Rb8 20.Rfe1 Bd6 21.Qxb6 axb6 22.Rac1 b5
23.Ba5 Kg7 24.Bb6 d3 25.Rcd1 Rhe8 26.Rxe8 Rxe8 27.g3 Be5 28.Rxd3 Re6 29.Be3 b4
30.Rb3 Bd6 31.Bxb7 Re7 32.Bf3 Nd7 33.Rd3 Bc7 34.Kg2 Ne5 35.Rd5 Rd7 36.Bc5 Rxd5
37.Bxd5 Nd3 38.Bd4+ f6 39.Kf3 Bd6 40.Ke2 Ne5 41.f4 Nd7 42.Kd3 g5 43.Kc4 gxf4
44.gxf4 Kg6 45.Be6 Nf8 46.f5+ Kg5 47.Bc5 b3 48.axb3  1-0

[Event "4th LGA Premium Cup"]
[Site "Nuernberg GER"]
[Date "2007.09.08"]
[Round "4"]
[White "Solonar,S"]
[Black "Walter,T"]
[Result "1-0"]
[WhiteElo "2359"]
[BlackElo "2084"]

1.c4 e6 2.Nc3 d5 3.d4 Nf6 4.Nf3 c6 5.e3 a6 6.a3 b5 7.c5 Nbd7 8.Bd3 Qc7 9.b4 e5
10.Nxe5 Nxe5 11.dxe5 Qxe5 12.Bb2 Qg5 13.Qf3 Be7 14.Ne2 O-O 15.Nd4 Bg4 16.h4 Qe5
17.Qf4 Qxf4 18.exf4 Bd7 19.f3 Rfe8 20.Kf2 Nh5 21.Ne2 Bf6 22.Bxf6 Nxf6 23.g4 Re7
24.Nd4 Rae8 25.h5 Re3 26.Rad1 g6 27.h6 R8e7 28.Nc2 R3e6 29.f5 Re5 30.f4 Nxg4+
31.Kf3 Re3+ 32.Nxe3 Rxe3+ 33.Kxg4 Rxd3 34.Rxd3 Bxf5+ 35.Kg5 Bxd3 36.Kf6 Be4
37.Ra1 Kf8 38.a4 bxa4 39.Rxa4 Bd3 40.Ra3 Bc4 41.Re3 Bf1 42.Re7 Bb5  1-0

[Event "4th LGA Premium Cup"]
[Site "Nuernberg GER"]
[Date "2007.09.08"]
[Round "5"]
[White "Troyke,D"]
[Black "Zude,E"]
[Result "0-1"]
[WhiteElo "2151"]
[BlackElo "2399"]

1.c4 c6 2.Nf3 d5 3.d4 Nf6 4.Nc3 e6 5.e3 Nbd7 6.Bd3 dxc4 7.Bxc4 b5 8.Bd3 a6
9.O-O c5 10.a3 Bb7 11.Re1 Bd6 12.Bf1 O-O 13.dxc5 Nxc5 14.b4 Bxf3 15.gxf3 Be5
16.Bb2 Ncd7 17.Rc1 Rc8 18.Qe2 Nb6 19.Red1 Qe7 20.f4 Bb8 21.Bg2 Nc4 22.Ne4 Nxe4
23.Bxe4 e5 24.Bf5 Rcd8 25.Bd3 Nxb2 26.Qxb2 exf4 27.e4 f3  0-1

[Event "12th ch-Asia w"]
[Site "Tehran IRI"]
[Date "2007.09.08"]
[Round "6"]
[White "Mohota,N"]
[Black "Ruan Lufei"]
[Result "0-1"]
[WhiteElo "2332"]
[BlackElo "2433"]

1.d4 d5 2.c4 c6 3.Nf3 Nf6 4.Nc3 e6 5.e3 a6 6.c5 b6 7.cxb6 Nbd7 8.Bd3 c5 9.O-O cxd4
10.exd4 Qxb6 11.Na4 Qb8 12.Qc2 Bd6 13.Bg5 O-O 14.Nc5 h6 15.Bh4 Ng4 16.Bg3 Bxg3
17.hxg3 Nxc5 18.Qxc5 Bd7 19.a4 Qb3 20.Bc2 Qb7 21.Qa3 Rfc8 22.Bd3 a5 23.Qe7 Rc7
24.Qd6 Ra7 25.Rac1 f5 26.Bb5 Kf7 27.Rce1 Qc8 28.Re2 Bxb5 29.axb5 Qd7 30.Qxd7+ Rxd7
31.Rc1 Rdb7 32.Rc5 Rb6 33.Rec2 Ke7 34.Rc7+ Rxc7 35.Rxc7+ Kd6 36.Rc5 g5 37.Kf1 e5
38.Rc8 e4 39.Nd2 Rxb5 40.b3 Rb4 41.f3 Rxd4 42.Ke2 Ne5 43.Ra8 Nc6 44.Rh8 Rd3
45.Rxh6+ Kc5 46.Rf6 Nd4+ 47.Ke1 e3  0-1

[Event "Masters"]
[Site "Trieste ITA"]
[Date "2007.09.08"]
[Round "9"]
[White "Komarov,D"]
[Black "Pavasovic,D"]
[Result "1/2-1/2"]
[WhiteElo "2550"]
[BlackElo "2584"]

1.d4 d5 2.c4 e6 3.Nf3 Nf6 4.Nc3 c6 5.e3 Nbd7 6.Qc2 Bd6 7.Bd3 O-O 8.O-O dxc4
9.Bxc4 a6 10.Rd1 b5 11.Be2 Qc7 12.Ne4 Nxe4 13.Qxe4 e5 14.Qh4 Re8 15.dxe5 Nxe5
16.Bd2 Bg4 17.Nd4 Bxe2 18.Nxe2 Ng6  1/2-1/2

[Event "Masters"]
[Site "Trieste ITA"]
[Date "2007.09.08"]
[Round "9"]
[White "Bevilacqua,A"]
[Black "Ramesa,D"]
[Result "1/2-1/2"]
[WhiteElo "2102"]
[BlackElo "2310"]

1.d4 d5 2.Nf3 Nf6 3.c4 c6 4.e3 e6 5.Nc3 a6 6.Ne5 Nbd7 7.f4 Bb4 8.Nxd7 Bxd7
9.Bd2 O-O 10.Bd3 dxc4 11.Bxc4 c5 12.a3 Bxc3 13.Bxc3 Ne4 14.O-O Nxc3 15.bxc3 Qa5
16.Qe1 b5 17.Bd3 Rac8 18.c4 Qxe1 19.Rfxe1 cxd4 20.cxb5 Rc3 21.Bf1 d3 22.bxa6 Ba4
23.Reb1 Ra8 24.a7 Bb3 25.Rb2 Rxa7 26.Rd2 Bc2 27.a4 g6 28.a5 Kf8 29.a6 Ke7
30.g3 f5 31.Bg2 Rb3 32.Kf2 Kd6 33.Bb7 Kc5 34.Rc1 Kc4 35.Rcxc2+ dxc2 36.Rxc2+ Rc3
37.Rd2 Rd3 38.Rc2+ Rc3 39.Rd2 Kc5 40.Rd7 Rc2+ 41.Kg1 Rc1+ 42.Kf2 Rc2+ 43.Kg1 Ra2
44.Rd4 Re2 45.Rd7 Ra2 46.Rd4 Re2 47.Rd7  1/2-1/2

[Event "60th ch-RUS Higher League"]
[Site "Krasnoyarsk RUS"]
[Date "2007.09.09"]
[Round "6"]
[White "Korotylev,A"]
[Black "Malakhov,V"]
[Result "1/2-1/2"]
[WhiteElo "2616"]
[BlackElo "2676"]

1.d4 d5 2.c4 c6 3.Nc3 Nf6 4.Nf3 e6 5.e3 Nbd7 6.Bd3 dxc4 7.Bxc4 b5 8.Bd3 b4
9.Ne4 Nxe4 10.Bxe4 Bb7 11.O-O Bd6 12.a3 bxa3 13.b3 Nf6 14.Nd2 Nxe4 15.Nxe4 Bxh2+
16.Kxh2 Qh4+ 17.Kg1 Qxe4 18.f3 Qg6 19.Bxa3 h5 20.Qe1 h4 21.Bc5 a6 22.Qa5 h3
23.Ra2 f6 24.e4 Rc8 25.Qb6 Qf7 26.g4 Qd7 27.Kh2 Kf7 28.Re2  1/2-1/2

[Event "4th LGA Premium Cup"]
[Site "Nuernberg GER"]
[Date "2007.09.09"]
[Round "6"]
[White "Kunin,V"]
[Black "Hillarp Persson,T"]
[Result "1/2-1/2"]
[WhiteElo "2507"]
[BlackElo "2567"]

1.d4 Nf6 2.Nf3 d5 3.c4 e6 4.Nc3 c6 5.e3 Nbd7 6.Qc2 Bd6 7.Bd3 O-O 8.O-O dxc4
9.Bxc4 b5 10.Bd3 Bb7 11.Qe2 b4 12.Ne4 Nxe4 13.Bxe4 Qb8 14.Rd1 Nf6 15.Bd3 c5
16.dxc5 Bxc5 17.h3 Rd8 18.b3 Bd6 19.Bb2 Qc7 20.Bxf6 gxf6 21.Rac1 Qa5 22.Rc4 Bf8
23.Rh4 h6 24.Re1 Rac8 25.Nd4 Bg7 26.Bc4 f5 27.Rh5 Qb6 28.Nf3 a5 29.Rh4 Qd6
30.Rf4 Be4 31.g4 e5 32.Rxf5 Bxf5 33.gxf5 e4 34.Nh4 Qd2 35.Qf1 Bf6 36.Ng2 Qd7
37.f3 Qxf5 38.fxe4 Qxf1+ 39.Rxf1 Be5 40.Bxf7+ Kg7 41.Be6 Rc2 42.Nh4 Rf8 43.Nf5+ Kh8
44.Rf2 Rc1+ 45.Rf1 Rc6 46.Bd5 Rg6+ 47.Kh1 h5 48.Rc1 Bc3 49.a4 Kh7 50.Rd1 Rd8
51.Rf1 Rf8 52.Rd1 Rd8 53.Rf1 Rf6 54.Kg2 Be5 55.Rd1 Rg6+ 56.Kf2 Rf8 57.Bc4 Rd6
58.Rxd6 Bxd6 59.Ke2 Be5 60.Kd3 Rd8+ 61.Bd5 Rc8 62.Bc4 Rc7 63.Ke2 Kg6 64.Kd3 Kf6
65.Ke2 Rd7 66.Nh4 Rg7 67.Nf5 Rg2+ 68.Kf3 Rh2 69.h4 Rc2 70.Bd5 Rc5 71.Nd4 Rc3
72.Nc6 Bc7 73.Nd4 Rc1 74.Ne6 Bb6 75.Nf4 Rc3 76.Nxh5+ Ke5 77.Kg4 Rxe3 78.Ng3 Kf6
79.Nh5+ Ke5 80.Ng3 Kf6 81.Nh5+ Kg6 82.Nf4+ Kh6 83.Kf5 Bc7 84.Ne6 Bd6 85.Nd4 Bc5
86.Nc6 Bb6 87.Ke6 Kg7 88.Kd6 Rd3  1/2-1/2

[Event "FSGM September"]
[Site "Budapest HUN"]
[Date "2007.09.10"]
[Round "10"]
[White "Rajlich,I"]
[Black "Khakimov,T"]
[Result "1/2-1/2"]
[WhiteElo "2406"]
[BlackElo "2409"]

1.d4 c6 2.c4 d5 3.Nc3 Nf6 4.Nf3 e6 5.e3 Nbd7 6.Qc2 b6 7.b3 Bb7 8.Be2 Bd6
9.O-O O-O 10.Bb2 c5 11.Rad1 Rc8 12.cxd5 exd5 13.Qf5 Qe7 14.Bb5 Qe6 15.Qxe6 fxe6
16.Ng5 Rfe8 17.Nge4 dxe4 18.dxc5 Bxc5 19.Bxd7 Nxd7 20.Rxd7 Re7 21.Rfd1 Bc6
22.Rd8+ Re8 23.Rxe8+ Rxe8 24.Ne2 Kf7 25.Be5 Rc8 26.h4 Bb5 27.Ng3 Bd3 28.Rc1 a5
29.Bd4 Rc7 30.f4 exf3 31.gxf3 Bd6 32.Rxc7+ Bxc7 33.f4 Bb1  1/2-1/2

[Event "60th ch-RUS Higher League"]
[Site "Krasnoyarsk RUS"]
[Date "2007.09.10"]
[Round "7"]
[White "Turov,M"]
[Black "Bocharov,D"]
[Result "0-1"]
[WhiteElo "2561"]
[BlackElo "2605"]

1.d4 d5 2.c4 c6 3.Nc3 Nf6 4.e3 e6 5.Nf3 Nbd7 6.Qc2 Bd6 7.b3 O-O 8.Be2 b6
9.O-O Bb7 10.Bb2 c5 11.cxd5 exd5 12.Rad1 Qe7 13.Bd3 Rac8 14.dxc5 bxc5 15.Rfe1 Rfe8
16.Bf5 Rcd8 17.Ne2 Ne5 18.Nxe5 Bxe5 19.Ba3 Bd6 20.Ng3 g6 21.Bh3 h5 22.Bb2 h4
23.Qc3 Be5 24.Qxe5 Qxe5 25.Bxe5 Rxe5 26.Nf1 g5 27.f3 Rde8 28.Kf2 Ba6 29.Nd2 c4
30.Rc1 c3 31.Nf1 d4 32.g3 hxg3+ 33.hxg3 g4 34.Bg2 Bxf1 35.Rxf1 Rxe3 36.Rc2 Nd5  0-1

[Event "3rd Geller mem Open A"]
[Site "Odessa UKR"]
[Date "2007.09.10"]
[Round "3"]
[White "Makarov,P"]
[Black "Paramonov,D"]
[Result "1/2-1/2"]
[WhiteElo "2157"]
[BlackElo "2358"]

1.d4 d5 2.c4 c6 3.e3 Nf6 4.Nf3 e6 5.Nc3 Nbd7 6.Qc2 Bd6 7.b3 O-O 8.Be2 b6
9.O-O Bb7 10.Rd1 Qe7 11.Bb2 Rad8 12.e4 dxe4 13.Nxe4 Nxe4 14.Qxe4 f5 15.Qh4 Qe8
16.Ng5 h6 17.Nf3 Be7 18.Qh3 c5 19.dxc5 bxc5 20.Qg3 Nf6 21.Qc7 Rd7 22.Qe5 Rxd1+
23.Rxd1 Qc8 24.Nh4 Kh7 25.Nxf5 exf5 26.Qxe7 Re8 27.Qf7 Rf8 28.Qe7 Re8 29.Qf7  1/2-1/2

[Event "12th ch-Asia w"]
[Site "Tehran IRI"]
[Date "2007.09.10"]
[Round "8"]
[White "Le Thanh Tu"]
[Black "Ruan Lufei"]
[Result "1/2-1/2"]
[WhiteElo "2318"]
[BlackElo "2433"]

1.d4 d5 2.c4 c6 3.Nf3 Nf6 4.Nc3 e6 5.e3 a6 6.c5 b6 7.cxb6 Nbd7 8.Bd2 Nxb6
9.Na4 Nxa4 10.Qxa4 Bd7 11.Ne5 c5 12.Nxd7 Qxd7 13.Qxd7+ Kxd7 14.dxc5 Bxc5
15.Bd3 Rhb8 16.Rb1 Bb4 17.Bxb4 Rxb4 18.Ke2 Rab8 19.b3 a5 20.f3 Kd6 21.Rhc1 Nd7
22.Rc3 a4 23.Bc2 axb3 24.Rcxb3 Rxb3 25.axb3 Ra8 26.Kd2 g6 27.Kc3 Ne5 28.Rd1 Nc6
29.b4 Kc7 30.b5 Ne7 31.Bb3 Kb6 32.Kb4 Ra5 33.Ba4 Nc8 34.Rc1 Ne7 35.Rd1 e5
36.e4 d4 37.f4 Ra7 38.fxe5 Rd7 39.Bb3 d3 40.Bxf7 Rd4+ 41.Bc4 d2 42.Kc3 Rxe4
43.Rxd2 Kc5 44.Bd3 Nd5+ 45.Kb3 Re3 46.Kb2 Nb4 47.Kc3 Nd5+  1/2-1/2

[Event "60th ch-RUS Higher League"]
[Site "Krasnoyarsk RUS"]
[Date "2007.09.12"]
[Round "9"]
[White "Kremenietsky,AnM"]
[Black "Keosidi,K"]
[Result "1-0"]
[WhiteElo "2353"]
[BlackElo "2409"]

1.d4 d5 2.c4 e6 3.Nf3 Nf6 4.Nc3 c6 5.e3 Nbd7 6.Bd3 dxc4 7.Bxc4 b5 8.Bd3 Bb7
9.O-O a6 10.a4 b4 11.Ne4 c5 12.Nxc5 Nxc5 13.dxc5 Bxc5 14.Qe2 O-O 15.e4 e5
16.Nd2 Qe7 17.Nb3 Bb6 18.a5 Bc7 19.Be3 Bd6 20.f3 Nd7 21.Rac1 Kh8 22.Rfd1 Rg8
23.Bc4 Rgd8 24.Rc2 Nf8 25.Bb6 Rd7 26.Rcd2 Ne6 27.Kh1 Nf8 28.Bd5 Bxd5 29.Rxd5 Rc8
30.Qxa6 Rc2 31.R1d2 Rxd2 32.Nxd2 Bc7 33.Qc8 Rxd5 34.exd5 Bd6 35.Ne4  1-0

[Event "3rd Geller mem Open A"]
[Site "Odessa UKR"]
[Date "2007.09.12"]
[Round "5"]
[White "Podgaets,M"]
[Black "Solodovnichenko,Y"]
[Result "1/2-1/2"]
[WhiteElo "2460"]
[BlackElo "2582"]

1.d4 Nf6 2.Nf3 d5 3.c4 c6 4.Nc3 e6 5.e3 Nbd7 6.Bd3 dxc4 7.Bxc4 b5 8.Bd3 a6
9.e4 c5 10.d5 Qc7 11.O-O c4 12.Bc2 Bc5 13.b3 Ne5 14.Bf4 Nxf3+ 15.Qxf3 e5
16.Bg5 Bd4 17.Rac1  1/2-1/2

[Event "3rd Geller mem Open A"]
[Site "Odessa UKR"]
[Date "2007.09.12"]
[Round "5"]
[White "Onikienkoo,V"]
[Black "Romaniv,M"]
[Result "1-0"]
[WhiteElo "2265"]
[BlackElo "2053"]

1.d4 d5 2.c4 c6 3.Nc3 Nf6 4.e3 e6 5.Nf3 Nbd7 6.Qc2 Bb4 7.a3 Bxc3+ 8.bxc3 Ne4
9.Bd3 f5 10.O-O O-O 11.cxd5 exd5 12.c4 Nb6 13.cxd5 cxd5 14.Bd2 Nxd2 15.Qxd2 Be6
16.Ne5 Qd6 17.Rfb1 Rfc8 18.Rb4 Rc7 19.Rab1 Rb8 20.a4 Nc4 21.Bxc4 dxc4 22.Qc3 Qe7
23.f3 Bd5 24.Re1 b6 25.e4 fxe4 26.fxe4 Bb7 27.Rxc4 Rbc8 28.Rxc7 Rxc7 29.Qb3+ Kf8
30.Rf1+ Ke8 31.Qg8+  1-0

[Event "60th ch-RUS Higher League"]
[Site "Krasnoyarsk RUS"]
[Date "2007.09.14"]
[Round "11"]
[White "Kurnosov,I"]
[Black "Khismatullin,D"]
[Result "1/2-1/2"]
[WhiteElo "2579"]
[BlackElo "2566"]

1.d4 Nf6 2.c4 e6 3.Nf3 c6 4.Nc3 d5 5.e3 Nbd7 6.Qc2 b6 7.b3 Bb7 8.Bb2 Be7
9.Be2 O-O 10.O-O Rc8  1/2-1/2

[Event "4NCL"]
[Site "Sunningdale ENG"]
[Date "2007.09.15"]
[Round "1"]
[White "Sands,D"]
[Black "Collins,S IRL"]
[Result "0-1"]
[WhiteElo "2252"]
[BlackElo "2398"]

1.d4 d5 2.c4 e6 3.Nf3 Nf6 4.Nc3 c6 5.e3 Nbd7 6.Qc2 Bd6 7.Bd3 O-O 8.O-O dxc4
9.Bxc4 a6 10.a4 c5 11.h3 h6 12.Rd1 Qc7 13.Qe2 e5 14.dxc5 Nxc5 15.e4 Be6 16.Bxe6 fxe6
17.Qc4 Rae8 18.Be3 Ncxe4 19.Qxc7 Bxc7 20.Nxe4 Nxe4 21.Rac1 Rf7 22.Re1 Nf6
23.Bc5 e4 24.Nd2 Bf4 25.Be3 Be5 26.b3 Rd8 27.Nc4 Bc7 28.a5 Rd3 29.b4 Rfd7
30.Bc5 Kf7 31.g3 g5 32.Kg2 h5 33.Be3 Kg6 34.Rc2 h4 35.g4 Bb8 36.Nb6 Rd8 37.Nc4 Rb3
38.Bd2 Rdd3 39.Re3 Bf4 40.Rxd3 exd3 41.Ra2 Nd5 42.Kf3 Nxb4  0-1